The classification of the finite simple groups

Αποθηκεύτηκε σε:
Λεπτομέρειες βιβλιογραφικής εγγραφής
Κύριος συγγραφέας: Gorenstein, Daniel
Άλλοι συγγραφείς: Lyons, Richard, 1945-, Solomon, Ronald
Μορφή: Βιβλίο
Γλώσσα:English
Δημοσίευση: Providence, R.I. : American Mathematical Society, c1996-c2005
Σειρά:Mathematical surveys and monographs ; ; 40
Θέματα:
Ετικέτες: Προσθήκη ετικέτας
Δεν υπάρχουν, Καταχωρήστε ετικέτα πρώτοι!

MARC

LEADER 00000nam a2200000 i 4500
001 1/58357
008 071012s19962005 eng d
020 |a 0-8218-0391-3 
020 |a 0-8218-2776-6 
020 |a 0-8218-0390-5 
020 |a 0-8218-2777-4 
035 |l 10091475 
040 |a GR-MY-UA  |b gre  |e aacr 
041 0 |a eng 
082 0 |a 512.2  |2 (22) 
100 1 |a Gorenstein, Daniel. 
245 1 4 |a The classification of the finite simple groups /  |c Daniel Gorenstein, Richard Lyons, Ronald Solomon 
260 |a Providence, R.I. :   |b American Mathematical Society,   |c c1996-c2005 
300 |a τ. <2,3,5,6>;  |c 26-27 εκ. 
490 1 |a Mathematical surveys and monographs  |v ; 40 
504 |a Περιλαμβάνει βιβλιογραφικές παραπομπές και ευρετήριο 
505 0 |a Τ.2. General group theory -- τ.3. Almost simple K-groups -- τ.5. The generic case, stages 1-3a -- τ.6. The special odd case 
650 0 0 |a Finite simple groups. 
700 1 |a Lyons, Richard,   |d 1945- 
700 1 |a Solomon, Ronald. 
830 0 |a Mathematical surveys and monographs ;  |v ; 40 
852 |a INST  |b SAMOS  |e 20071012  |h 512.2 GOR  |p 005300027016  |q 005300027016  |t BK  |y 0  |z τ.6 
852 |a INST  |b SAMOS  |e 20071213  |h 512.2 GOR  |p 005300027425  |q 005300027425  |t BK  |y 0  |z τ.5 
852 |a INST  |b SAMOS  |e 20071213  |h 512.2 GOR  |p 005300027488  |q 005300027488  |t BK  |y 0  |z τ.3 
852 |a INST  |b SAMOS  |e 20071018  |h 512.2 GOR  |p 005300028086  |q 005300028086  |t BK  |y 0  |z τ.2 
852 |a INST  |b SAMOS  |e 20071012  |h 512.2 GOR  |p 005300027016  |q 005300027016  |t BK  |v τ.6:  |y 0  |z τ.6 
852 |a INST  |b SAMOS  |e 20071213  |h 512.2 GOR  |p 005300027425  |q 005300027425  |t BK  |v τ.5:  |y 0  |z τ.5 
852 |a INST  |b SAMOS  |e 20071213  |h 512.2 GOR  |p 005300027488  |q 005300027488  |t BK  |v τ.3:  |y 0  |z τ.3 
852 |a INST  |b SAMOS  |e 20071018  |h 512.2 GOR  |p 005300028086  |q 005300028086  |t BK  |v τ.2:  |y 0  |z τ.2 
853 |a INST  |b SAMOS  |h 512.2 GOR 
901 |a BIBL3-2007-3 
909 |a Σ  |b 140402 
909 |a Σ  |b 140404 
909 |a Σ  |b 139267 
909 |a Σ  |b 139346 
922 |a 3ΕΛΗ  |b 200711  |c ΕΠΕΑΕΚ2/ΤΜΗΜΑ ΜΑΘΗΜΑΤΙΚΩΝ  |d ΕΛΕΥΘΕΡΟΥΔΑΚΗΣ 
970 |a ΡΟΥΣΣΟΥ  |b ΚΩΝΣΤΑΝΤΙΝΑ  |z 2007/10/12